• 首页
  • 本馆介绍
  • 公告通知
  • 最新文献
  • 馆藏检索
  • 电子资源
  • 读者导购
  • 参考咨询
  • 我的图书馆
  • 登录
  • 详细信息显示
  • 放入我的书架
  • 预约/预借图书
  • 作者相关作品
  • 分类相关作品
  • 丛书相关作品
  • 出版社相关作品

书目信息

  • 表格格式
  • 工作单格式
  • 卡片格式
题名:
论自觉的能动性
    
 
作者: 陈晏清 著
分册:  
出版信息: 上海   上海人民出版社  1983
页数: 221页
开本: 19cm
丛书名:
单 册:
中图分类: B022.2
科图分类:
主题词: 主观能动性
电子资源:
ISBN:
000 00612nam0 2200229 45
001 0183005450
005 20070801115252.17
010    @dCNY0.50
091    @a2074.416
100    @a19950524d1983 em y0chiy0121 ea
101 0  @achi
102    @aCN@b310000
105    @ay z 000yy
200 10 @a论自觉的能动性@Alun zi jue de neng dong xing@f陈晏清著@FChen Yan Qing Zhu
210    @a上海@c上海人民出版社@d1983
215    @a221页@d19cm
606    @a主观能动性
690    @aB022.2@v3
701  0 @a陈晏清@4著
801  2 @aCN@bNLC@c20070801
801  0 @aCN@b上海图书馆@c20040508
905    @dB022.2@e16@f1@b100454
    
    论自觉的能动性/陈晏清著.-上海:上海人民出版社,1983
    221页;19cm
    
    
    ISBN :CNY0.50
    
●
相关链接 在E读中查询图书 在五车中查询图书 在当当中查询图书 在豆瓣中查询图书


正题名:论自觉的能动性     索取号:B022.2/16         预约/预借

序号 登录号 条形码 馆藏地/架位号 状态 备注
1 0100453   001115698   密集书库/ [索取号:B022.2/16] 在馆    
2 0100454   001115705   第一样本阅览室/ [索取号:B022.2/16] 在馆    
3 0790230   207902304   密集书库/ [索取号:B022.2/16] 在馆    
唐山师范学院图书馆 欢迎您!
大连网信软件有限公司© 版权所有